Calidad de vida, diferenciación socio-espacial y condiciones sociodemográficas : aportes para su estudio en la argentina /
Guardado en:
| Otros Autores: | , |
|---|---|
| Formato: | Libro |
| Publicado: |
Bahía Blanca :
Ediuns,
2008
|
| Materias: | |
| Etiquetas: |
Agregar Etiqueta
Sin Etiquetas, Sea el primero en etiquetar este registro!
|
| LEADER | 00749nam a22002055a 4500 | ||
|---|---|---|---|
| 001 | EHU.bham042813 | ||
| 003 | AR-BHAM | ||
| 005 | 20140903112636.0 | ||
| 008 | 130507s2008##################000#0#####d | ||
| 020 | |a 9789876550062 | ||
| 082 | 3 | 0 | |a 301.982 |
| 245 | 0 | 0 | |a Calidad de vida, diferenciación socio-espacial y condiciones sociodemográficas : |b aportes para su estudio en la argentina / |c Coord. Por Guillermo Velázquez, Nidia Formiga |
| 260 | |a Bahía Blanca : |b Ediuns, |c 2008 | ||
| 300 | |a 347 p. | ||
| 653 | |a Sociología argentina | ||
| 653 | |a Vida-calidad de | ||
| 653 | |a Población-estudio de la | ||
| 700 | 1 | |a Velázquez, Guillermo, coord. | |
| 700 | 1 | |a Formiga, Nidia, coord. | |
| 859 | |a AR-BHAM |b BIB. HUMANIDADES - General |h 301.982 |i C129 |p 389.14 |t Ej.1 | ||
